| 000 | 00516nam a22001457a 4500 | ||
|---|---|---|---|
| 008 | 160116b xxu||||| |||| 00| 0 eng d | ||
| 020 | _a 978-971-9617-48-8 | ||
| 082 |
_22015 _aDFil 364.076 _bD38m |
||
| 100 |
_91830 _aDelos Santos, Victor O. |
||
| 245 |
_aMock board examination : _bcriminal jurisprudence, procedure and evidence/ _cVictor O. Delos Santos |
||
| 260 |
_a Quezon City : _b Jobal Publishing House, _cc2015. |
||
| 300 |
_a199 pages ; _c28 cm. |
||
| 650 | 0 |
_91832 _aCrime _vExaminations |
|
| 942 |
_2ddc _cDFIL |
||
| 999 |
_c685 _d685 |
||